Physics for scientists and engineers
This best-selling, calculus-based text is recognized for its carefully crafted, logical presentation of the basic concepts and principles of physics. PHYSICS FOR SCIENTISTS AND ENGINEERS, Sixth Edition, maintains the Serway traditions of concise writing for the students, carefully thought-out proble...
Wedi'i Gadw mewn:
| Prif Awdur: | |
|---|---|
| Fformat: | Llyfr |
| Iaith: | Undetermined |
| Cyhoeddwyd: |
Victoria, Australia
Thomson Delmar Learning
2004
|
| Pynciau: | |
| Tagiau: |
Ychwanegu Tag
Dim Tagiau, Byddwch y cyntaf i dagio'r cofnod hwn!
|
| Thư viện lưu trữ: | Trung tâm Học liệu Trường Đại học Cần Thơ |
|---|
| LEADER | 01376nam a2200205Ia 4500 | ||
|---|---|---|---|
| 001 | CTU_104209 | ||
| 008 | 210402s9999 xx 000 0 und d | ||
| 020 | |c 1463118 | ||
| 082 | |a 530 | ||
| 082 | |b S492/Vol.1 | ||
| 100 | |a Serway, Raymond A. | ||
| 245 | 0 | |a Physics for scientists and engineers | |
| 245 | 0 | |c Raymond A. Serway, John W. Jewett | |
| 260 | |a Victoria, Australia | ||
| 260 | |b Thomson Delmar Learning | ||
| 260 | |c 2004 | ||
| 520 | |a This best-selling, calculus-based text is recognized for its carefully crafted, logical presentation of the basic concepts and principles of physics. PHYSICS FOR SCIENTISTS AND ENGINEERS, Sixth Edition, maintains the Serway traditions of concise writing for the students, carefully thought-out problem sets and worked examples, and evolving educational pedagogy. This edition introduces a new co-author, Dr. John Jewett, at Cal Poly – Pomona, known best for his teaching awards and his role in the recently published PRINCIPLES OF PHYSICS, Third Edition, also written with Ray Serway. Providing students with the tools they need to succeed in introductory physics, the Sixth Edition of this authoritative text features unparalleled media integration and a newly enhanced supplemental package for instructors and students! | ||
| 650 | |a Physics | ||
| 904 | |i Minh | ||
| 980 | |a Trung tâm Học liệu Trường Đại học Cần Thơ | ||